Organic chemistry

Uloženo v:
Podrobná bibliografie
Hlavní autoři: Cram, Donald J (Autor), Hammond, George Simms (Autor)
Médium: Kniha
Jazyk:angličtina
Vydáno: Nueva York McGraw Hill Book 1964
Vydání:2a. ed
Témata:
Tagy: Přidat tag
Žádné tagy, Buďte první, kdo vytvoří štítek k tomuto záznamu!

MARC

LEADER 00000nam a2200000 a 4500
001 UCT5806
003 CL-VaPUC
008 961223e19640000US |||||||||||||||||eng|d
082 0 4 |a 547  |b CRA  |2 21 
100 0 |a Cram, Donald J  |e author  |9 375369 
700 0 |a Hammond, George Simms  |e author  |9 375370 
245 1 0 |a Organic chemistry 
250 |a 2a. ed 
300 |a 846 p 
942 |c BK 
945 |d 19961223 00:00:00  |a nastorga 
260 |a Nueva York  |b McGraw Hill Book  |c 1964 
650 0 |a Química orgánica   |9 259426 
650 7 |a COMPUESTOS ORGANICOS  |2 CL-VaPUC  |9 306788 
650 0 |a Moléculas   |9 259584 
650 0 |a Enlaces químicos  |9 306789 
650 7 |a ESTEREOQUIMICA  |2 CL-VaPUC  |9 306790 
650 0 |a Espectroscopía  |9 306791 
650 7 |a SINTESIS ORGANICA  |2 CL-VaPUC  |9 306792 
650 7 |a CARBOHIDRATOS  |2 CL-VaPUC  |9 306793 
650 0 |a Aminoácidos   |9 259616 
650 0 |a Péptidos  |9 306794 
650 7 |a PROTEINAS  |2 CL-VaPUC  |9 375371 
650 7 |a FOTOQUIMICA  |2 CL-VaPUC  |9 306796 
650 0 |a Electroquímica  |9 263973 
583 |a last modification  |c 19961223 00:00:00  |k Rodrigo Vera 
999 |c 254613  |d 254611 
952 |0 0  |1 0  |4 0  |6 547_000000000000000_CRA_1964  |7 0  |8 A  |9 276417  |a BIBCUR  |b BIBCUR  |d 2019-11-19  |i 3261891  |o 547 CRA 1964  |p 3261891  |r 2025-04-22  |w 2019-11-19  |y BK  |k BCB